| 000 | 01410nam a22002057a 4500 | ||
|---|---|---|---|
| 005 | 20251028160402.0 | ||
| 008 | s2507 th tha d | ||
| 040 | _aNALT | ||
| 041 | _atha | ||
| 090 |
_aอศ _bส749ล 2507 |
||
| 245 | 0 | 0 |
_aลำดับสกุล สุจริตกุล : _bราชินีกุล รัชกาลที่ 6 และ รัชกาลที่ 7 ราชนิกุล รัชกาลที่ 8 และ รัชกาลปัจจุบัน. |
| 260 | 3 |
_aกรุงเทพฯ : _bไทยพณิชยการ, _c2507 |
|
| 300 |
_a65 หน้า : _bภาพประกอบ, แผนผัง ; _c23 ซม. |
||
| 500 | _aที่ระลึกในงานพระราชทานเพลิงศพ มหาเสวกโท พระยาสุจริตธำรง (อู๊ด สุจริตกุล) ณ เมรุหน้าพลับพลาอิสริยาภรณ์ วัดเทพศิรินทราวาส 28 พฤษภาคม 2507 | ||
| 600 | 0 | 4 |
_925444 _aสุจริตธำรง (อู๊ด สุจริตกุล), _cมหาเสวกโท พระยา, _d2432-2506 |
| 650 | 4 |
_aนามสกุล _925443 _xสุจริตกุล |
|
| 850 | _aNALT | ||
| 856 | 4 | 0 | _uhttps://hdl.handle.net/20.500.14156/591025 |
| 942 |
_cRRB _2local |
||
| 999 |
_c23640 _d23640 |
||
| 998 |
_j4612 _k นางสาววัลยา พุ่มต้นวงค์ |
||